| 000 | 00558nam a2200217 a 4500 | ||
|---|---|---|---|
| 001 | 0001-2181 | ||
| 003 | ELIB.Books | ||
| 008 | 190802 2010 eng | ||
| 020 | _a1566990440 | ||
| 092 |
_a253 _bOsw |
||
| 100 | _aOswald, Roy M. | ||
| 245 | _aClergy Self-Care | ||
| 260 |
_aNew York _bThe Alban Institute Publication _c1993 |
||
| 300 |
_a222 _c23cm |
||
| 650 | _aClergy-Pastoral Work | ||
| 856 |
_nKBTS Library _uKBTS Elib |
||
| 942 |
_2ddc _cBK |
||
| 990 | _a1 | ||
| 998 |
_aEnglishbooks.elf _ccat _e2019-08-02 |
||
| 999 |
_c12181 _d12181 |
||